000 01020nam a2200325 i 4500
001 195751
003 ES-MaACL
005 20250825062741.0
008 250212s1988 fr r 000 fre d
020 _a8432028746
035 _aRebiun13218059
040 _aUSA.SABUS.
_dUEX.FILOSO
_cES-MaACL
080 _a73Rodin
100 0 _aLaurent, Monique
_970636
245 1 0 _aRodin /
_cMonique Laurent.
260 _a[Paris] :
_bChene-Hachette,
_ccop.1988
300 _a159 p. :
_bil. ;
_c34 cm
490 1 _aProfils de l'art
504 _aBibliografía: p. [160]
504 _aÍndice
600 1 4 _aRodin, Auguste
_998144
655 0 _aBiografías
_9176647
830 _aProfils de l'art
_9239600
852 _aEs-MaACL
_cDEPOJ
_jN-8758
_hDonación: Carlos D'Ors
_9204606
_bR.153056
903 _987369
_aOrs Führer, Carlos d'
_ednr
942 _cMONOGRAFIA
999 _c195751
_d195751